000 00942nac a22002411u 4500
008 100921t xxu||||| |||| 00| 0 eng d
010 _a83049309
020 _a0824090039 (alk. paper) :
082 0 0 _a016.784306
_bD921
100 _aDunlap, Kay,
_919626
245 1 0 _aVocal Chamber Music :
_bA Performer's Guide /
_cKay Dunlap, Barbara Winchester.
260 _aNew York :
_bGarland,
_c1985.
300 _axviii, 140 p. ;
_c26 cm.
440 0 _aGarland reference library of the humanities ;
_vvol. 465
_919627
500 _aIncludes index.
500 _aDonations
500 _aDonations - Dr. Mostafa Gouda
504 _aBibliography: p. 109.
650 0 _aVocal music
_xBibliography.
_919628
700 1 _aWinchester, Barbara,
_d1943-
_919629
942 _cBB
_k016.784306D921
_2ddc
999 _c1678
_d1678